000 00535nam a2200205Ia 4500
005 20240423085954.0
008 131103s9999 xx 000 0 und d
020 _a9.79E+12
_cRs.195.00
040 _aLoreto College
041 _aEnglish
082 _a519.72
_bKAR
100 _aKarak,P.M.
245 _aLinear programming
_cP.M.Karak
250 _aRev.,enl. and updated Central ed.
260 _aKolkata
_bNew Central Book Agency
_c1999
300 _aiv,308p
650 _aLinear programming
850 _aLCLIB
942 _cBK
999 _c38763
_d89242